000 00776nam a2200217 i 4500
001 154142
003 ES-MaACL
005 20250428063005.0
008 050908m18901905fr | |||||||| ||fre d
040 _aCAM
_bspa
_cCAM
100 1 _aFrance, Anatole,
_d1844-1924
_9240108
245 1 2 _aL'anneau d'Améthyste /
_cpar Anatole France.
260 _aParis :
_bCalmann-Lévy éditeurs,
_c[s.a.] (
_eLagny :
_fEmile Colin)
300 _a419 p. ;
_c18 cm.
490 1 _aHistoire contemporaine ;
_v3
594 _aAnatole France es seudónimo de Jacques Anatole Thibault.
596 _aProbablemente impreso entre 1890 y 1905.
830 0 _aHistoire contemporaine ;
_v3
_9187851
852 _aES-MaACL
_jB-2740
_z-- Enc. pasta española
999 _c154142
_d154142